000
00243nam a22001097a 4500
082
_a
621.31042 VIN'E
100
_a
VINOGRADOV, N
_9
78313
245
_a
ELECTRICAL MACHINES WINDER
260
_a
MOSCOW
_b
MIR
_c
1958
300
_a
400P
942
_c
BK
999
_c
583453
_d
583453